1254 1764 1079 1173 1697 1940 1385 1623 1373 1874 1033 1914 1161 1637 1796 1297 1209 1739 1091 1467 1684 1923 1778 1956 1974 1283 1834 1734 1504 1442 1943 1349 1799 1441 1999 1678 1314 1752 1145 1243 1536 1126 1724 1364 1231 1527 1544 1326 1964 1232 1676 1644 1510 1083 1103 1774 1854 1009 1760 1806 1179 1164 1208 1066 1259 1132 1208 1926 1173 1373 1335 1917 1047 1767 1300 1798 1905 1203 1454 1283 1567 1648 1192 1494 1583 1642 1015 1107 1485 1870 1447 1264 1631 1464 1737 1798 1162 1079 1020 BCNSPRNW ULIB Ver.6.0+V

เปลี่ยนเป็นภาษาไทย

Change to English
 แสดงรายละเอียดบรรณานุกรม
  กลับหน้าหลัก

Brief Record : Get Marc (ISO 2709) : E-mail record : QR code < ปิดหน้าต่าง
LEADER : 00000nam 2200000uu 4500
001    13399112478
003     ULIB
008    110818s2550||||th 000 0 tha d
020    9789749508800
050  4 HQ743^bพ557ร 2550
100 0  พันธ์ศักดิ์ ศุกระฤกษ์
245 10 เรื่องง่ายๆ ของคำว่า "คู่" /^cโดย พันธ์ศักดิ์ ศุกระฤกษ์
250    พิมพ์ครั้งที่ 1
260    กรุงเทพฯ :^bหมอชาวบ้าน,^c2550
300    254 หน้า :^bภาพประกอบ ;^c21 ซม.
650  4 การสมรส
650  4 เพศศึกษา
945    ^p175^l0^i020587
995    ทศพร
999 ^a ทศพร
รายการนี้ยังไม่มีแท็ก
คุณยังไม่ได้ล็อกอิน คุณสามารถมีกิจกรรมร่วมกับเว็บไซต์ได้ แต่ต้องล็อกอินก่อน ::
  ล็อกอิน

รายการสื่อสารสนเทศ

ลำดับที่ ประเภท เลขเรียก/บาร์โค้ด สถานที่ สถานะ
- ไม่พบข้อมูล -

รายการใกล้เคียง
    ผู้แต่ง [พันธ์ศักดิ์ ศุกระฤกษ์]

    หัวเรื่อง [การสมรส]
    หัวเรื่อง [เพศศึกษา]

BibComment


ยังไม่เคยถูกคอมเมนท์

คอมเมนท์ทรัพยากรรายการนี้
  คอมเมนท์: เรื่องง่ายๆ ของคำ..


 Copyright 2026. Bcnsprnw @Library